Responses for Show #786 - Monday, January 25, 1988

Final Jeopardy! logo flashes on the game board's monitors instead of the show's logo.

Contestants

[<< previous game]

Sue Kelly, an office manager from Switzerland, Florida

Lennie Edwards, a teacher originally from Fort Dix, New Jersey

Stephanie Scott, a title officer assistant from Anaheim, California (whose 1-day cash winnings total $11,900)

[next game >>]

Jeopardy! Round responses

SOUTH DAKOTA
CHILD CARE
BIBLICAL GARDEN
PITCHMAN & PRODUCT
(Alex: We give you one, you're expected to supply us with the other.)
KNIGHTS
RHYME TIME
    $100 26
(Alex: Yeah, I was glad to see you get that, lady from Jacksonville.)
[The end-of-round signal sounds.]

the Sunshine State

Sue
    $100 16
powder

Lennie
    $100 21
a bush

Stephanie
    $100 9
Folgers Coffee

Stephanie
    $100 1
gunpowder

Lennie
    $100 6
a hot shot

Lennie
    $200 17
ammonia

Lennie
    $200 22
Lebanon

Sue
    $200 10
Rice Krispies

Lennie
    $200 2
crest or heraldic emblem (or coat of arms)

Lennie
    $200 7
funny money

Stephanie
    $300 18
being right-handed (or left-handed)

Sue
    $300 23
Lilies of the Field

Sue
    $300 13
Xerox

Stephanie
    $300 3
mail

Sue
    $500 8
"The Name Game"

Stephanie
    $400 19
weaning

Lennie
    $400 24
the rose

Triple Stumper
    $400 14
(Lennie: What is...)
...
(Alex: It's not nice to fool Mother Nature, [*].)

Chiffon Margarine

Lennie
Triple Stumper
    $400 4
jousting

Lennie
    $400 11
a mai tai

Lennie
    $500 20
lazy eye (or cross-eyes, wandering eyes)

Stephanie
    $500 25
the fig tree

Triple Stumper
    $500 15
(Stephanie: Oh, what is, um, granola?)

(Alex: Yes, I believe John Denver is doing the current version of those commercials. Euell is, of course, from quite a few years ago.)

Grape-Nuts

StephanieLennie
    $500 5
(Lennis: What is a squire and man-at-arms?)

a squire & a page

LennieSue
    $500 12
a fine line

Stephanie

Scores at the first commercial break (after clue 8):

Stephanie Lennie Sue
$700 $300 $800

Scores at the end of the Jeopardy! Round:

Stephanie Lennie Sue
$1,700 $1,700 $1,700

Double Jeopardy! Round responses

SPAIN
LEGAL TERMS
PULITZER PRIZE NOVELS
COLONIAL AMERICA
CLASSICAL COMPOSERS
COUNTRY CROONERS
    $200 21
the siesta

Lennie
    $200 16
an alias

Sue
    $200 1
[Stephanie selected the first clue. Alex noted that she was the champ.]
(Lennie: What is The Pearl?)

The Good Earth

LennieSue
    $200 11
Canada

Lennie
    $200 6
Rome

Stephanie
    $200 26
Patsy Cline

Stephanie
    $400 22
Don Quixote & Sancho Panza

Stephanie
    $400 17
proxy

Lennie
    $400 2
The Grapes of Wrath

Stephanie
    $2,000 12
[Alex reveals each response state as correct as Lennie names them.]

Philadelphia, New York, and Boston (or Newport and Charleston)

Lennie
    $400 7
Handel

Stephanie
    $400 27
[The end-of-round signal sounds.]

Reba McEntire

Triple Stumper
    $2,500 23
(Stephanie: Who was King Ferdinand?)

Napoleon

Stephanie
    $600 18
default

Lennie
    $600 3
The Magnificent Ambersons

Triple Stumper
    $600 13
Maine

Lennie
    $600 8
Brahms

Lennie
    $800 24
the Alhambra

Stephanie
    $800 19
a bench warrant

Lennie
    $800 4
(Sue: Who is John Hershey?)

Thornton Wilder

Sue
Triple Stumper
    $800 14
(James) Oglethorpe

Lennie
    $800 9
Tchaikovsky

Lennie
    $1000 25
(Stephanie: What is Guam and Puerto Rico?)
(Lennie: What is the Philippines and Cuba?)

Cuba and Puerto Rico

StephanieLennie
Triple Stumper
    $1000 20
chattel

Lennie
    $1000 5
Nat Turner

Lennie
    $1000 15
Benjamin Franklin

Stephanie
    $1000 10
Wagner

Stephanie

Scores at the end of the Double Jeopardy! Round:

Stephanie Lennie Sue
$2,600 $9,500 $1,300
(lock game)

[wagering suggestions for these scores]

Final Jeopardy! Round responses

THE MOVIES
(Alex: There is a plot on this studio that refers to the original film, [*].)
SueWhat is Xanadu?
$300
StephanieWhat is ?
$2,600
LennieWhat is I Love Dominique?
$500
The Jazz Singer

Final scores:

Stephanie Lennie Sue
$0 $9,000 $1,000
3rd place: an Oneida Silversmiths gift certificate New champion: $9,000 2nd place: a Gibson side-by-side refrigerator/freezer + a Helix 4 1/2" black & white TV/clock/radio

Game dynamics:

Coryat scores:

Stephanie Lennie Sue
$4,900 $7,900 $1,300
15 R
(including 1 DD),
3 W
(including 1 DD)
22 R
(including 1 DD),
4 W
8 R,
1 W

Combined Coryat: $14,100

[game clues] [game scores] [suggest correction]

Game tape date: 1987-10-19
The J! Archive is created by fans, for fans. Scraping, republication, monetization, and malicious use prohibited; this site may use cookies and collect identifying information. See terms. The Jeopardy! game show and all elements thereof, including but not limited to copyright and trademark thereto, are the property of Jeopardy Productions, Inc. and are protected under law. This website is not affiliated with, sponsored by, or operated by Jeopardy Productions, Inc. Join the discussion at JBoard.tv.